Fait ou idée reçue? - Noël - Statistiques

Statistiques générales
  • Ce quiz a été pris 2 344 fois
  • Le résultat moyen est 8 sur 15
Statistiques - réponses
Question Réponse % Correct
Noël est célébré en été en Australie Fait
86%
Le Père Noël doit sa couleur rouge à Coca-Cola Idée reçue
67%
Les rennes du Père Noël étaient à l'origine seulement huit Fait
63%
L'histoire de Casse-Noisette, adaptée en ballet par Tchaïkovski, se déroule à Noël Fait
63%
Noël est considérée comme la fête la plus importante pour les chrétiens Idée reçue
62%
Le Village du Père Noël est un lieu touristique situé au Pôle Nord Idée reçue
60%
Tino Rossi est le premier interprète de Petit Papa Noël Fait
58%
Les santons de Provence étaient illégaux lors de leur invention Fait
55%
La chanson Jingle Bells a été composée à l'occasion de Noël Idée reçue
55%
Noël est devenu un nom et un prénom suite à la popularité de cette fête Fait
52%
La bûche de Noël est une spécialité culinaire originaire de France Fait
49%
La crèche de Noël a été popularisée par Saint Nicolas Idée reçue
48%
La période de l'Avent commence chaque année le 1er décembre Idée reçue
32%
Gaspard, Balthazar et Melchior sont le nom de trois Rois Mages mentionnés dans la Bible Idée reçue
27%
Tim Burton est le réalisateur du film L'Étrange Noël de monsieur Jack Idée reçue
20%
Aucun quiz correspondant
Distribution des résultats
% des personnes avec chaque résultat
Percentile par nombre de réponses
Votre historique - résultats
Vous n’avez pas pris ce quiz